| 000 | 01386nam a2200409 c 4500 | ||
|---|---|---|---|
| 001 | 10365 | ||
| 003 | ES-MaCES | ||
| 005 | 20141221122050.0 | ||
| 008 | 000314s1999 sp bd s 000 | spa d | ||
| 017 |
_aB 49597-1999 _bDL |
||
| 020 | _a8488099509 | ||
| 035 | _aCES20000003799m | ||
| 040 |
_aES-MaCES _bspa _cES-MaCES |
||
| 245 | 0 | 0 | _aAnuario comercial de España 2000 |
| 260 |
_aBarcelona _bCaja de Ahorros y Pensiones de Barcelona, Servicio de Estudios _c[1999] |
||
| 300 |
_a450 p. _bgráf., map. col. _c29 cm _e1 CD-ROM |
||
| 500 | _aA partir de 2001 pasa a llamarse: Anuario económico de España | ||
| 500 | _aDisponible también en CD | ||
| 541 | _cGratuito | ||
| 650 | 4 |
_amercado interior _927898 |
|
| 650 | 4 |
_aestudio de mercado _927924 |
|
| 650 | 4 |
_aconsumidor _927902 |
|
| 650 | 4 |
_acomercio _927943 |
|
| 650 | 4 |
_aventas _929072 |
|
| 650 | 4 |
_aEspaña _926964 |
|
| 650 | 4 |
_aComunidades Autónomas _930768 |
|
| 650 | 4 |
_a2000 _930991 |
|
| 650 | 4 |
_aanuario _928963 |
|
| 650 | 4 |
_adatos estadísticos _930765 |
|
| 653 | 1 | 0 | _aEstadísticas económico-sociales |
| 710 | 2 |
_aCaja de Ahorros y Pensiones de Barcelona _eed. _91688 |
|
| 787 | 0 |
_tAnuario económico de España 2001 _w(ES-MaCES)12335 |
|
| 787 | 0 |
_tAnuario comercial de España 1999 _w(ES-MaCES)8359 |
|
| 902 | _aLIB Libro | ||
| 942 |
_2CES _cBK _h8.2. |
||
| 999 |
_c10365 _d10365 |
||